Procesos sobre violación de Derechos Humanos: inconstitucionalidades, arbitrariedades e ilegalidades

I tiakina i:
Ngā taipitopito rārangi puna kōrero
Kaituhi matua: Paúl Latorre, Adolfo (autor)
Hōputu: Pukapuka
Reo:Pāniora
I whakaputaina: Santiago El Roble 2015
Putanga:4a. ed
Ngā marau:
Ngā Tūtohu: Tāpirihia he Tūtohu
Kāore He Tūtohu, Me noho koe te mea tuatahi ki te tūtohu i tēnei pūkete!

MARC

LEADER 00000cam a2200000 a 4500
001 UCD5565
003 CL-VaPUC
008 160922e20150000cl |||||||||||||||||spa|d
020 |a 9789567855117 
082 0 4 |a 323.420983  |b PAU  |2 21 
100 |a Paúl Latorre, Adolfo  |e autor  |9 589353 
245 1 0 |a Procesos sobre violación de Derechos Humanos: inconstitucionalidades, arbitrariedades e ilegalidades 
250 |a 4a. ed 
300 |a 145 p 
942 |c BK 
945 |d 20160922 22:24:00  |a dcastane 
260 |a Santiago  |b El Roble  |c 2015 
650 0 |a Derechos humanos  |9 223025 
650 0 |a Derecho internacional  |9 255637 
650 0 |a Derechos fundamentales   |9 254841 
583 |a last modification  |c 20160922 22:24:00  |k Rodrigo Vera 
999 |c 366218  |d 366216 
952 |0 0  |1 0  |3 erb  |4 0  |6 323_420983000000000_PAU_2015  |7 0  |8 A  |9 480285  |a BIBDER  |b BIBDER  |i 5342112  |o 323.420983 PAU 2015  |p 5342112  |r 2023-01-25  |w 2019-11-24  |y BK  |z Catalogado en:20160922  |k DER